000 00739nam a2200217Ii 4500
003 JO-AjNU
008 230605s9999||||xx |||||||||||||| ||und||
017 _a1997/10/1460
040 _aJO-AjNU
_bara
_erda
_cJO-AjNU
041 _aara
050 1 4 _aBP170.5.D32 2001
100 3 _aالدباغ، مصطفى,
_eauthor
_98294
245 0 0 _aالإسلام فوبيا: عقدة الخوف من الإسلام = Islamophobia
250 _aط2
264 3 1 _aعمان: دار الفرقان للنشر والتوزيع، 2001
300 _a149ص
336 _atext
_btxt
_2rdacontent
337 _aunmediated
_bn
_2rdamedia
338 _avolume
_bnc
_2rdacarrier
650 4 _aالاسلام- دفع مطاعن- الاسلام والغرب
_98295
999 _aA715
_c4283
_d4283